1821 1614 1559 1049 1519 1251 1579 1682 1788 1524 1913 1394 1492 1675 1887 1388 1919 1711 1522 1509 1040 1209 1391 1689 1218 1370 1924 1169 1018 1765 1122 1612 1154 1518 1083 1718 1787 1745 1820 1357 1647 1168 1491 1987 1181 1415 1904 1344 1350 1736 1890 1558 1381 1854 1736 1238 1938 1953 1744 1940 1690 1229 1382 1652 1436 1165 1841 1001 1024 1423 1065 1142 1066 1432 1033 1736 1726 1317 1538 1841 1356 1300 1729 1419 1156 1514 1503 1224 1751 1380 1027 1508 1080 1862 1795 1593 1708 1348 1194 BCNSPRNW ULIB Ver.6.0+V

เปลี่ยนเป็นภาษาไทย

Change to English
 แสดงรายละเอียดบรรณานุกรม
  กลับหน้าหลัก

Brief Record : Get Marc (ISO 2709) : E-mail record : QR code < ปิดหน้าต่าง
LEADER : 00000nam 2200000uu 4500
001    13399107673
003     ULIB
008    110114s2545th 000 0 tha d
020    9745863998
060 04 QT104^bค127ส 2545
245 00 สรีรวิทยา /^cโดยคณาจารย์ภาควิชาสรีรวิทยา คณะวิทยาศาสตร์มหาวิทยาลัยมหิดล ; คณะผู้จัดทำ, ชุมพล ผลประมูล ... [และคนอื่นๆ]
250    พิมพ์ครั้งที่ 3
260    กรุงเทพฯ :^bภาควิชาสรีรวิทยา คณะวิทยาศาสตร์มหาวิทยาลัยมหิดล,^c2545
650  7 สรีรวิทยา
700 0  คณาจารย์ภาควิชาสรีรวิทยา คณะวิทยาศาสตร์ มหาวิทยาลัยมหิดล
710 2  มหาวิทยาลัยมหิดล. ^bคณะวิทยาศาสตร์. ^bภาควิชาสรีรวิทยา
945    ^p300^l0^i019895
945    ^p300^l0^i019896
995    เกษร
999 ^a ใช้งานได้ทุกระบบ
รายการนี้ยังไม่มีแท็ก
คุณยังไม่ได้ล็อกอิน คุณสามารถมีกิจกรรมร่วมกับเว็บไซต์ได้ แต่ต้องล็อกอินก่อน ::
  ล็อกอิน

รายการสื่อสารสนเทศ

ลำดับที่ ประเภท เลขเรียก/บาร์โค้ด สถานที่ สถานะ
- ไม่พบข้อมูล -

รายการใกล้เคียง
    หัวเรื่อง [สรีรวิทยา]

BibComment


ยังไม่เคยถูกคอมเมนท์

คอมเมนท์ทรัพยากรรายการนี้
  คอมเมนท์: สรีรวิทยา โดยคณา..


 Copyright 2026. Bcnsprnw @Library